书目信息 |
| 题名: |
中文Photoshop 7.0/CS精彩实战百例通
|
|
| 作者: | ;《中文Photoshop 7.0/CS精彩实战百例通》编委会 编 | |
| 分册: | ||
| 出版信息: | 西安 西北工业大学出版社 2004.06 |
|
| 页数: | 528页, [4] 页图版 | |
| 开本: | 26cm | |
| 丛书名: | 流行软件精彩实战百例通 | |
| 单 册: | ||
| 中图分类: | TP391.41 | |
| 科图分类: | ||
| 主题词: | 图形软件 | |
| 电子资源: | ||
| ISBN: | 7-5612-1712-9 | |
| 000 | 01139nam 2200265 450 | |
| 001 | 0166609218 | |
| 005 | 20050907090111.07 | |
| 010 | @a7-5612-1712-9@dCNY40.00 (含光盘) | |
| 100 | @a20050312d2004 km y0chiy0120 ea | |
| 101 | 0 | @achi |
| 102 | @aCN@b610000 | |
| 105 | @aaf z 000yy | |
| 200 | 1 | @a中文Photoshop 7.0/CS精彩实战百例通@Azhong wen Photoshop 7.0/CS jing cai shi zhan bai li tong@f《中文Photoshop 7.0/CS精彩实战百例通》编委会编@Fzhong wen Photoshop 7.0/CS jing cai shi zhan bai li tong bian wei hui bian |
| 210 | @a西安@c西北工业大学出版社@d2004.06 | |
| 215 | @a528页, [4] 页图版@c图 (部分彩图)@d26cm@e光盘1片 | |
| 225 | 2 | @a流行软件精彩实战百例通 |
| 307 | @a光盘 ISBN : 7-89995-576-9 | |
| 330 | @a本书共分为7篇,通过经典实例的制作,由浅入深,逐步展示了Photoshop 7.0在平面设计领域的各个应用途径。 | |
| 410 | 0 | @12001 @a流行软件精彩实战百例通 |
| 606 | 0 | @a图形软件 |
| 610 | 0 | @aPhotoshop 7.0/CS |
| 690 | @aTP391.41@v4 | |
| 711 | 0 | @a《中文Photoshop 7.0/CS精彩实战百例通》编委会@Azhong wen Photoshop 7.0/CS jing cai shi zhan bai li tong bian wei hui@4编 |
| 801 | 0 | @aCN@bQSSK@c20050907 |
| 905 | @a10447@dTP391.41@eZ697 | |
| 中文Photoshop 7.0/CS精彩实战百例通/《中文Photoshop 7.0/CS精彩实战百例通》编委会编.-西安:西北工业大学出版社,2004.06 |
| 528页, [4] 页图版:图 (部分彩图);26cm+光盘1片.-(流行软件精彩实战百例通) |
| ISBN 7-5612-1712-9:CNY40.00 (含光盘) |
| 本书共分为7篇,通过经典实例的制作,由浅入深,逐步展示了Photoshop 7.0在平面设计领域的各个应用途径。 |
| ● |
| 相关链接 |
|
|
|
正题名:中文Photoshop 7.0/CS精彩实战百例通
索取号:TP391.41/Z697
 
预约/预借
| 序号 | 登录号 | 条形码 | 馆藏地/架位号 | 状态 | 备注 |
| 1 | 561990 | 205619909 | 自科库301/301自科库 68排5列3层/ [索取号:TP391.41/Z697] | 在馆 | |
| 2 | 561991 | 205619918 | 自科二线404/404自科库 11排2列3层/ [索取号:TP391.41/Z697] | 在馆 | |
| 3 | 561992 | 205619927 | 自科库301/301自科库 68排5列3层/ [索取号:TP391.41/Z697] | 在馆 |